[Event "DSSM WK2"]
[Site "Husum"]
[Date "2002.05.13"]
[Round "7.2"]
[White "Stroehmeier, Christian"]
[Black "Leditschke, Tobias"]
[Result "0-1"]
[WhiteElo "1460"]
[BlackElo "1501"]
[PlyCount "96"]
[EventDate "2002.05.10"]
[EventType "team"]
[EventRounds "7"]
[EventCountry "GER"]
[SourceTitle "CBM 088 Extra"]
[Source "ChessBase"]
[SourceDate "2002.07.01"]
[SourceVersion "2"]
[SourceVersionDate "2002.07.01"]
[SourceQuality "1"]

1. e4 c5 2. c3 e5 3. Nf3 Nc6 4. Bb5 d6 5. d4 Qb6 6. Qa4 exd4 7. cxd4 Bd7 8. d5 Ne5 9. Bxd7+ Nxd7 10. 0-0 g6 11. Nc3 Bg7 12. Qb5 Qc7 13. Bf4 a6 14. Qb3 Ne7 15. Rfe1 0-0 16. Rac1 b5 17. a3 Nc8 18. Qc2 Ncb6 19. b3 Rac8 20. Ne2 c4 21. Bd2 Nc5 22. bxc4 Nxc4 23. Bb4 Bb2 24. Rcd1 Bxa3 25. Bxc5 Bxc5 26. Ra1 Qa7 27. Ng3 Ne3 28. Qd2 Ng4 29. Rf1 Bb6 30. h3 Ne3 31. Rfc1 Nc4 32. Qe2 Rc7 33. Rc3 Rfc8 34. Rac1 Na3 35. Rxc7 Rxc7 36. Rxc7 Qxc7 37. Qb2 Qc5 38. Ne1 Nc4 39. Qe2 Ne5 40. Nc2 a5 41. Ne3 b4 42. Ngf1 a4 43. Qa2 Qb5 44. f4 b3 45. Qb2 Nd3 46. Qc3 Nxf4 47. Kh1 b2 48. Ng4 Qxf1+ 0-1

[Event "DSSM WK2"]
[Site "Husum"]
[Date "2002.05.11"]
[Round "4.2"]
[White "Stroehmeier, Christian"]
[Black "Abraham, Jan Willem"]
[Result "0-1"]
[WhiteElo "1460"]
[BlackElo "1871"]
[PlyCount "64"]
[EventDate "2002.05.10"]
[EventType "team"]
[EventRounds "7"]
[EventCountry "GER"]
[SourceTitle "CBM 088 Extra"]
[Source "ChessBase"]
[SourceDate "2002.07.01"]
[SourceVersion "2"]
[SourceVersionDate "2002.07.01"]
[SourceQuality "1"]

1. e4 c5 2. c3 d5 3. exd5 Qxd5 4. d4 Nf6 5. Nf3 Bg4 6. Be2 e6 7. 0-0 Nc6 8. Be3 cxd4 9. cxd4 Bb4 10. Nc3 Qd6 11. Qd3 0-0 12. Rfd1 Rfd8 13. h3 Bh5 14. Qc4 a6 15. d5 exd5 16. Qb3 Bg6 17. Rac1 Na5 18. Qa4 b5 19. Nxb5 axb5 20. Qxb5 Rdb8 21. Qa4 Nc4 22. Qb3 Bd2 23. Nxd2 Nxd2 24. Qc3 Nde4 25. Qd4 Rb4 26. Bf4 Rxd4 27. Bxd6 Rxd1+ 28. Rxd1 Nxd6 29. a3 Nc4 30. Bxc4 dxc4 31. Rc1 Bd3 32. f3 Rb8 0-1

[Event "DSSM WK2"]
[Site "Husum"]
[Date "2002.05.10"]
[Round "2.2"]
[White "Stroehmeier, Christian"]
[Black "Stieber, Ulrich"]
[Result "1/2-1/2"]
[WhiteElo "1460"]
[BlackElo "1755"]
[PlyCount "59"]
[EventDate "2002.05.10"]
[EventType "team"]
[EventRounds "7"]
[EventCountry "GER"]
[SourceTitle "CBM 088 Extra"]
[Source "ChessBase"]
[SourceDate "2002.07.01"]
[SourceVersion "2"]
[SourceVersionDate "2002.07.01"]
[SourceQuality "1"]

1. e4 c5 2. c3 Nf6 3. e5 Nd5 4. d4 cxd4 5. cxd4 e6 6. Nf3 Nc6 7. Bc4 Nb6 8. Bb3 d6 9. 0-0 dxe5 10. dxe5 Qxd1 11. Rxd1 Be7 12. Bf4 0-0 13. Nc3 Na5 14. Nb5 Nxb3 15. axb3 Nd5 16. Bg3 a6 17. Nd6 Bxd6 18. exd6 f6 19. Nd2 Rd8 20. Nc4 b5 21. Na5 Bd7 22. Rac1 Rdc8 23. Nb7 Rc6 24. Na5 Rxc1 25. Rxc1 Rc8 26. Rxc8+ Bxc8 27. Nb7 Kf7 28. Nc5 Nb6 29. b4 Ke8 30. b3 1/2-1/2